000 00565nam a22001817a 4500
003 CEME
005 20210628203141.0
008 210122b xxu||||| |||| 00| 0 eng d
020 _a0-8176-4265-X
040 _c.
082 _a629.836 NON
100 _aDixon, Warren.E, Behal, Aman, Dawson, Darren.M
_963640
245 _aNonlinear control of engineering systems, a lyapunov based approach
260 _aNEW DELHI
_bBIRKHAUSER
_c2003
300 _aXVII,394 P
650 _aAUTOMATIC CONTROL.NONLINEAR CONTROL THEORY.LYAPUNOV FUNCTION
_963641
942 _cBK
_2ddc
999 _c572395
_d572395